000 00469nam a2200181Ia 4500
005 20250425161654.0
008 250425s9999 xx 000 0 und d
041 _aeng
082 _a623.8245
100 _aZANNETOS, ZENON S.
245 0 _aTHE THEORY OF OIL TANKSHIP RATES: AN ECONOMIC ANALYSIS OF TANKSHIP OPERATIONS
250 _aS.E.
260 _aCAMBRIDGE
260 _aEstados Unidos
_bMIT PRESS
_c1966
300 _a336
942 _c01
010 _a25564
999 _c213805
_d213805